| 000 | 00687cam a22002531 4500 | ||
|---|---|---|---|
| 001 | sa 68011447 | ||
| 003 | DLC | ||
| 005 | 20260227112600.0 | ||
| 008 | 890623s1968 ii c 000 1 kano | ||
| 010 | _asa 68011447 | ||
| 035 | _a(OCoLC)19919228 | ||
| 040 |
_aDLC _cWaU _dDLC |
||
| 042 | _apremarc | ||
| 050 | 0 | 0 |
_aPL4658 _b.C3 |
| 100 | 1 | _aCaḍaga, Sūryanārāyaṇa. | |
| 245 | 1 | 0 | _aKāmadhēnu. |
| 260 | _c[1968] | ||
| 300 |
_a896 p. _bport. _c22 cm. |
||
| 500 | _aIn Kannada. | ||
| 500 | _aIncludes short biographical sketches of the contributors. | ||
| 650 | 0 | _aShort stories, Kannada. | |
| 700 | 1 |
_aBallal, N. Narayan, _d1937- |
|
| 700 | 2 | _aSītārāma Prabhu, Kōṭa. | |
| 999 |
_c83899 _d83899 |
||